000 00475nam a2200181Ia 4500
001 17800
005 20260306171544.0
008 260306s9999||||xx |||||||||||||| ||und||
041 _aESP
082 _a658.202
_bG66
100 _aGonzález Fernández, Francisco Javier
_eAUT
245 0 _aTeoría y práctica del mantenimiento industrial avanzado
260 _c2011
300 _a642 páginas :
_c23 cm.
650 _aGEN
654 _aCAN
942 _cLIB
_dJUS
_fJUS
_2ddc
_n
999 _c17800
_d17800